000
00315nam a22001337a 4500
003
SGT
020
_a
978-81-312-4702-0
082
_a
617.917
_b
B16P
100
_a
PHILLIPS, NANCYMARIE
245
_a
BERRY & KOHN'S OPERATING ROOM TECHNIQUES
260
_a
INDIA
_b
ELSEVIER
_c
2016
300
_a
986
942
_2
ddc
_c
BK
999
_c
15225
_d
15225